书目信息 |
| 书名: | Dictionary of water and water engineering | |
| 作者: | [by] A. Nelson and K. D. Nelson. | |
| 分册号: | ||
| 分册名: | 出版地: | London : |
|
| 出版社: | Butterworths | |
| 出版时间: | 1973. | |
| 页数: | vi, 271 p. : | |
| 开本: | 23 cm. | |
| 丛书名: | ||
| 中图分类号: | ||
| 科图分类号: | ||
| 其他分类号: | TV22-61 | |
| 主题词: | ||
| 电子资源: | ||
| 000 | 00914cam a2200289 450 | |
| 001 | E0736776253 | |
| 005 | 20070725101538.54 | |
| 008 | 731025s1973 enka d 000 0 eng | |
| 010 | @a73174528 | |
| 015 | @aGB73-16713 | |
| 020 | @a0408000902. | |
| 035 | @A(DLC) 73174528 | |
| 040 | @aDLC@cDLC@dDLC | |
| 050 | 00 | @aGB655@b.N35 |
| 082 | 00 | @a627/.03 |
| 090 | @aTV22-61 | |
| 099 | @dTV22-61@ex6 | |
| 100 | 1 | @aNelson, A.@q(Archibald),@d1893- |
| 245 | 10 | @aDictionary of water and water engineering / @c[by] A. Nelson and K. D. Nelson. |
| 260 | @aLondon :@bButterworths,@c1973. | |
| 300 | @avi, 271 p. :@billus. ;@c23 cm. | |
| 350 | @a£3.60 | |
| 650 | 0 | @aHydraulic engineering@xDictionaries. |
| 650 | 0 | @aWater@xDictionaries. |
| 700 | 1 | @aNelson, K. D.@q(Kenneth Davies),@d1921-@ejoint author. |
| 906 | @a7@bcbc@corignew@d3@encip@f19@gy-gencatlg | |
| 991 | @bc-GenColl@hGB655@i.N35@tCopy 1@wBOOKS | |
| Dictionary of water and water engineering / / [by] A. Nelson and K. D. Nelson.-London : : Butterworths, , 1973. |
| vi, 271 p. : : illus. ; ; 23 cm. |
| ISBN 0408000902. |
| ● |
| 相关链接 |
|
|
|
|
正题名:Dictionary of water and water engineering
索取号:TV22-61/x6
 
预约/预借
| 序号 | 登录号 | 条形码 | 馆藏地/架位号 | 状态 | 备注 |
| 1 | 13619 | 300136190 | 第二样本阅览室/ [索取号:TV22-61/x6] | 在馆 |